000 00467nam a2200169Ia 4500
999 _c29860
_d29860
003 OSt
005 20201203111934.0
008 190216s9999||||xx |||||||||||||| ||und||
040 _coclc
082 _a894.8124
_bMOH/V
100 _aMohandas, R
_97162
245 0 _aValayamillathe /
_cR Mohandas
260 _bSteadfast,
_c2002.
_aChirayinkeezhi:
300 _a72p
650 _aLekhanam
942 _cBK
_2ddc
_h894.8124
_iMOH/V
_k894.8124
_mMOH/V